000 00913nam a22003137a 4500
001 BR7311185
003 BR-BrBNA
005 20230928084232.0
007 ta
008 230509b bl.||||| |||| 00| 0 por d
040 _aBR-BrBNA
_bpor
_cBiblioteca Nacional de Agricultura
041 _a(Por)
072 _aH20
_b1580
_b4150
090 _ 1580 BR7311185
100 1 _aCosta, A.S.
100 1 _aKitajima, E.W.
100 1 _aNormanha, E.S.
111 1 _a6. Reuniao Anual da Sociedade Brasileira de Fitopatologia
_cPelotas, RS (Brazil)
_d19-23 Feb 1973
245 1 _aMosaico da batata doce, causado por virus do grupo Y [Ipomoea batatas, transmissao de doenca]
260 3 _aPelotas, RS (Brasil):
_c1973.
300 _a2 p.
500 _aSummary only
650 _aBATATA DOCE
650 _aVIRUS
650 _aMOSAICO
650 _aSINTOMA
909 _a202309
_bLucia
_c55
_dLucia Elande
942 _cBK
999 _c17611
_d17611